Music Quiz

Random Music or Lyrics Quiz
Score 0/12 Timer 05:00
0 Plays Today
Lyrics Artist % Correct
It's a love story baby just say yesTaylor Swift
91.9%
I am sick and tired of my phone r-ringingLady Gaga
73%
We are the kings and queens30 Seconds To Mars
37.8%
Do you ever feel, like a plastic bagKaty Perry
32.4%
Imma tell you one timeJustin Bieber
29.7%
Under pressure pushing down on meJedward
16.2%
Sucking too hard on your lollipopMika
16.2%
Baby if i got you i dont need a _______Cheryl Cole
10.8%
Alive, With the sound of muusicJLS
8.1%
Sometimes I eat my dessert before my dinnerMidnight Beast
8.1%
Please remember remember decemberDemi Lovato
8.1%
Underdog just look at the mess you madeYou Me At Six
5.4%
Remove Ads.
Support Sporcle.
Get the best of Sporcle when you Go Orange. This ad-free experience offers more features, more stats, and more fun while also helping to support Sporcle. Thank you for becoming a member.

You're not logged in!

Compare scores with friends on all Sporcle quizzes.
OR
Log In

Show Comments

Extras

Created Nov 14, 2010ReportNominate
Tags:Artist Quiz, Lyrics Quiz

Top Quizzes Today


Score Distribution

Your Account Isn't Verified!

In order to create a playlist on Sporcle, you need to verify the email address you used during registration. Go to your Sporcle Settings to finish the process.

Report this User

Report this user for behavior that violates our Community Guidelines.

Details: